| Поле | Название | Значение |
| |
Тип записи |
a |
| |
Библиографический уровень |
m |
| 001 |
Контрольный номер |
LIBNET\0000459180 |
| 005 |
Дата корректировки |
20201206204923.4 |
| 010 |
Индекс ISBN |
__ |
| a |
ISBN |
978-5-905626-97-5 (в пер.) |
| 010 |
Индекс ISBN |
__ |
| a |
ISBN |
978-5-905626-68-5 (в пер.) |
| d |
Цена |
180-00 |
| 100 |
Данные общей обработки |
__ |
| a |
Данные общей обработки |
19140626d2013||||||| 0rusy0189 ca |
| 101 |
Язык документа |
0_ |
| a |
Язык текста |
rus |
| 102 |
Страна публикации |
__ |
| a |
Страна публикации |
RU| |
| 105 |
Кодированные данные (монография) |
__ |
| a |
Кодированные данные (монография) |
ac##z###000zy |
| 200 |
Заглавие и сведения об ответственности |
1_ |
| a |
Заглавие |
И вот наступило потом... |
| e |
Сведения, относящиеся к заглавию |
[воспоминания : 16+] |
| f |
Первые сведения об ответственности |
Гарри Бардин |
| b |
Общее обозначение материала |
Текст |
| 210 |
Выходные данные |
__ |
| a |
Место издания |
Москва |
| c |
Издательство |
Центр книги Рудомино |
| d |
Дата издания |
2013 |
| 215 |
Физическое описание |
__ |
| a |
Объем |
207 с. |
| c |
Иллюстрации/тип воспроизводства |
портр., цв. ил. |
| d |
Формат |
21 см |
| 300 |
Общие примечания |
__ |
| a |
Общие примечания |
На обороте титульного листа автор: режиссер-мультипликатор Г. Я. Бардин |
| 300 |
Общие примечания |
__ |
| a |
Общие примечания |
2000 экз. |
| 330 |
Аннотация |
__ |
| a |
Аннотация |
В книгу известного режиссера-мультипликатора Г. Я. Бардина вошли его воспоминания о детстве, родителях, друзьях, коллегах, работе, о своих мультфильмах. Трогательные истории из жизни сопровождаются богатым иллюстративным материалом - кадрами из мультфильмов Г. Бардина. |
| 333 |
Примечание о целевом назначении |
__ |
| a |
Примечание о целевом назначении |
16+. Для детей старше 16 лет |
| 600 |
Персоналии |
__ |
| a |
Персоналии (Фамилия) |
Бардин, Г. Я. |
| c |
Дополнение к имени |
режиссер-мультипликатор |
| f |
Даты |
1941- |
| g |
Полное имя |
Гарри Яковлевич |
| 606 |
Тематические рубрики |
__ |
| a |
Основная рубрика |
Музыка и зрелищные искусства |
| 606 |
Тематические рубрики |
__ |
| a |
Основная рубрика |
Мультипликационное кино |
| z |
Хронологическая подрубрика |
21 в. |
| 610 |
Ключевые слова |
__ |
| a |
Ключевые слова |
аниматоры |
| a |
Ключевые слова |
воспоминания |
| a |
Ключевые слова |
мультипликация |
| a |
Ключевые слова |
персоналии |
| a |
Ключевые слова |
проза |
| a |
Ключевые слова |
режиссеры |
| a |
Ключевые слова |
тема жизни |
| a |
Ключевые слова |
тема профессий |
| a |
Ключевые слова |
тема семьи |
| a |
Ключевые слова |
тема юмора |
| a |
Ключевые слова |
художественная проза |
| 686 |
Индексы других классификаций |
__ |
| 2 |
Код системы |
rubbks |
| a |
Классификационный индекс |
85.377(2)6-8 |
| 700 |
Автор |
_1 |
| a |
Фамилия |
Бардин |
| b |
Имя |
Г. Я. |
| c |
Титул (звания) |
Барденштейн, Г. Я. |
| f |
Даты |
1941- |
| g |
Полное личное имя |
Гарри Яковлевич |
| 4 |
Код отношения |
070 |
| 801 |
Источник записи |
_0 |
| a |
Страна |
RU |
| b |
Организация |
Муниципальное бюджетное учреждение культуры "Централизованная библиотечная система" г. Сургут (Центральная городская библиотека им. А. С. Пушкина) |
| c |
Дата составления |
20140626 |
| g |
Правила каталогизации |
КиК/Коробейникова |
| 801 |
Источник записи |
_1 |
| a |
Страна |
RU |
| b |
Организация |
Муниципальное бюджетное учреждение культуры "Централизованная библиотечная система" г. Сургут (Центральная городская библиотека им. А. С. Пушкина) |
| c |
Дата составления |
20140626 |
| g |
Правила каталогизации |
КиК/Коробейникова |
| 852 |
Данные о местонахождении |
__ |
| j |
Шифр хранения |
85.377(2)6-8 |
| i |
Авторский знак |
Б 24 |
| 901 |
Тип документа |
1_ |
| t |
Тип документа |
m |
| 903 |
Характеристики (МАРС) |
__ |
| a |
Дата передачи |
20140813 |
| 990 |
Данные о заказе (DOS) |
__ |
| j |
Количество экземпляров (DOS) |
3 |
| t |
N записи в КСУ для И/У (DOS) |
201408 |